Statistics for Countries with a Cold Desert Climate

Click here to take the quiz!

General Stats

  • This quiz has been taken 271 times
    (258 since last reset)
  • The average score is 36 of 40

Answer Stats

Answer% Correct
United States
100%
Argentina
99%
Peru
99%
Bolivia
98%
Chile
98%
Mexico
98%
Russia
97%
China
95%
Ecuador
95%
Kazakhstan
95%
Pakistan
94%
Australia
93%
India
93%
Iran
93%
Mongolia
93%
Turkey
93%
Uzbekistan
93%
Iraq
92%
Kyrgyzstan
92%
Tajikistan
92%
Turkmenistan
92%
Afghanistan
90%
Algeria
90%
Egypt
90%
South Africa
89%
Syria
89%
Libya
88%
Namibia
88%
Saudi Arabia
88%
Armenia
87%
Azerbaijan
87%
Israel
87%
Jordan
87%
Morocco
87%
Tunisia
87%
Yemen
87%
Oman
86%
Spain
82%
Chad
81%
Angola
75%

Score Distribution

Percentile by Number Answered

Percent of People with Each Score

Your Score History

You have not taken this quiz since the last reset